书目信息 |
| 题名: |
工厂供配电系统运行与维护
|
|
| 作者: | 吴兰娟 , 黄清锋 , 金晓东 主编 | |
| 分册: | ||
| 出版信息: | 西安 西安交通大学出版社 2020.08 |
|
| 页数: | 267页 | |
| 开本: | 30cm | |
| 丛书名: | ||
| 单 册: | ||
| 中图分类: | TM727.3 | |
| 科图分类: | ||
| 主题词: | 工厂--gong chang--供电系统--电力系统运行--教材 , 工厂--gong chang--配电系统--电力系统运行--教材 , 工厂--gong chang--供电系统--维修--教材 , 工厂--gong chang--配电系统--维修--教材 | |
| 电子资源: | ||
| ISBN: | 978-7-5693-1292-8 | |
| 000 | 01233nam0 2200313 450 | |
| 001 | 202021194562 | |
| 005 | 20211025120147.0 | |
| 010 | @a978-7-5693-1292-8@dCNY49.80 | |
| 100 | @a20211005d2020 em y0chiy50 ea | |
| 101 | 0 | @achi |
| 102 | @aCN@b610000 | |
| 105 | @aak a 000yy | |
| 106 | @ar | |
| 200 | 1 | @a工厂供配电系统运行与维护@Agong chang gong pei dian xi tong yun xing yu wei hu@f主编吴兰娟, 黄清锋, 金晓东 |
| 210 | @a西安@c西安交通大学出版社@d2020.08 | |
| 215 | @a267页@c图@d30cm | |
| 320 | @a有书目 (第267页) | |
| 330 | @a本书包括10KV高压开关柜停送电操作、低压柜的认识与操作、35KV变电站倒闸操作、电气设备试验项目、模拟工作平台检修、低压供配电系统设计六个项目, 附录有变配电所设计实例及相关参数表。 | |
| 333 | @a项目建设教学改革成果电气技术专业一体化教材 | |
| 606 | 0 | @a工厂@Agong chang@x供电系统@x电力系统运行@j教材 |
| 606 | 0 | @a工厂@Agong chang@x配电系统@x电力系统运行@j教材 |
| 606 | 0 | @a工厂@Agong chang@x供电系统@x维修@j教材 |
| 606 | 0 | @a工厂@Agong chang@x配电系统@x维修@j教材 |
| 690 | @aTM727.3@v5 | |
| 701 | 0 | @a吴兰娟@Awu lan juan@4主编 |
| 701 | 0 | @a黄清锋@Ahuang qing feng@4主编 |
| 701 | 0 | @a金晓东@Ajin xiao dong@4主编 |
| 801 | 0 | @aCN@c20210909 |
| 905 | @a河南城建学院图书馆@dTM727.3@eW822 | |
| 工厂供配电系统运行与维护/主编吴兰娟, 黄清锋, 金晓东.-西安:西安交通大学出版社,2020.08 |
| 267页:图;30cm |
| 使用对象:项目建设教学改革成果电气技术专业一体化教材 |
| ISBN 978-7-5693-1292-8:CNY49.80 |
| 本书包括10KV高压开关柜停送电操作、低压柜的认识与操作、35KV变电站倒闸操作、电气设备试验项目、模拟工作平台检修、低压供配电系统设计六个项目, 附录有变配电所设计实例及相关参数表。 |
| ● |
| 相关链接 |
|
|
|
正题名:工厂供配电系统运行与维护
索取号:TM727.3/W822
 
预约/预借
| 序号 | 登录号 | 条形码 | 馆藏地/架位号 | 状态 | 备注 |
| 1 | 1543744 | 215437445 | 自科库301/301自科库 18排3列4层/ [索取号:TM727.3/W822] | 在馆 | |
| 2 | 1543745 | 215437454 | 自科库301/301自科库 18排3列4层/ [索取号:TM727.3/W822] | 在馆 |